000 00484nam a22001697a 4500
003 MPLRDC
005 20220104165054.0
008 210129b ||||| |||| 00| 0 eng d
082 _a250 IRAN-2 v.1
100 _aMS. SAYYID ABBAS SADR-AMELI
245 _aAN ENLIGHTENING COMMENTARY INTO THE LIGHT OF THE HOLY QUR'AN. VOLUME 1
_c
250 _a再版
260 _a
_bTHE SCIENTIFIC AND RELIGIOUS RESEARCH CENTER
_c1997
300 _b
650 _a
942 _cBK
_o250 IRAN-2 v.1
999 _c57285
_d57275